Jack Kerouac, king of the Beats : a portrait / ... Read More
Available copies
- 1 of 1 copy available at LARL/NWRL Consortium.
Current holds
0 current holds with 1 total copy.
Show Only Available Copies
| Location | Call Number / Copy Notes | Barcode | Shelving Location | Status | Due Date |
|---|---|---|---|---|---|
| Warroad Public Library | 921 KER (Text) | 35500002615589 | Main | Available | - |
Record details
- ISBN: 080506043X (alk. paper)
- Physical Description: 332 p. ; 24 cm.
- Publisher: New York : Henry Holt and Co., 1998.
Content descriptions
| Bibliography, etc. Note: | Includes bibliographical references and index. |
Search for related items by subject
| Subject: | Kerouac, Jack, 1922-1969. Authors, American > 20th century > Biography. Beat generation > Biography. |
| LDR | 00967cam a22002778a 4500 | ||
|---|---|---|---|
| 001 | 24874 | ||
| 003 | LARL_NWRL_CONSORTIUM | ||
| 005 | 19980723114446.9 | ||
| 008 | 980721s1998 nyu b 001 0beng | ||
| 010 | . | ‡a98035289 | |
| 020 | . | ‡a080506043X (alk. paper) | |
| 035 | 0 | 0. | ‡ilcmarc/AWV-4593/NWRLTECH |
| 040 | . | ‡aDLC ‡cDLC | |
| 043 | . | ‡an-us--- | |
| 082 | 0 | 0. | ‡a813/.54 ‡aB ‡221 |
| 092 | . | ‡a921 ‡bKER | |
| 100 | 1 | . | ‡aMiles, Barry, ‡d1943- ‡0(LARL_NWRL_CONSORTIUM)70339 |
| 245 | 1 | 0. | ‡aJack Kerouac, king of the Beats : ‡ba portrait / ‡cBarry Miles. |
| 260 | . | ‡aNew York : ‡bHenry Holt and Co., ‡c1998. | |
| 300 | . | ‡a332 p. ; ‡c24 cm. | |
| 504 | . | ‡aIncludes bibliographical references and index. | |
| 600 | 1 | 0. | ‡aKerouac, Jack, ‡d1922-1969. ‡0(LARL_NWRL_CONSORTIUM)63435 |
| 650 | 0. | ‡aAuthors, American ‡y20th century ‡vBiography. ‡0(LARL_NWRL_CONSORTIUM)163260 | |
| 650 | 0. | ‡aBeat generation ‡vBiography. ‡0(LARL_NWRL_CONSORTIUM)163672 | |
| 901 | . | ‡a24874 ‡bISxN ‡c24874 ‡tbiblio | |

Add to basket
Permalink
Disable Highlighting